Porovnanie eura a dolára v pozícii medzinárodných peňazí
Hlavné dôvody existencie medzinárodných peňazí. Faktory, ktoré majú vplyv na medzinárodné postavenie meny. Medzinárodné využitie dolára a eura. Súčasné postavenie eura a dolára. Podiel mien v obrate na trhu zahraničných mien.
Salvato in:
| Autore principale: | |
|---|---|
| Natura: | Capitolo di libro |
| Lingua: | slovacco |
| Soggetti: | |
| Tags: |
Nessun Tag, puoi essere il primo ad aggiungerne!!
|
MARC
| LEADER | 00000naa$a2200000$$$4500 | ||
|---|---|---|---|
| 001 | 0078536 | ||
| 005 | 20231116084929.4 | ||
| 041 | 0 | |a slo | |
| 044 | |a SK | ||
| 245 | 1 | 0 | |a Porovnanie eura a dolára v pozícii medzinárodných peňazí |c Daniela Maťovčíková |
| 520 | |a Hlavné dôvody existencie medzinárodných peňazí. Faktory, ktoré majú vplyv na medzinárodné postavenie meny. Medzinárodné využitie dolára a eura. Súčasné postavenie eura a dolára. Podiel mien v obrate na trhu zahraničných mien. | ||
| 610 | 2 | 0 | |a euro |
| 610 | 2 | 0 | |a mena |
| 610 | 2 | 0 | |a dolár |
| 610 | 2 | 0 | |a porovnanie medzinárodné |
| 610 | 2 | 0 | |a trh kapitálový medzinárodný |
| 610 | 2 | 0 | |a peniaze |
| 610 | 2 | 0 | |a konvertibilita |
| 100 | 1 | |a Maťovčíková, Daniela | |